000
00301nam a22001337a 4500
008
171005b xxu||||| |||| 00| 0 eng d
020
_a
0316387177
041
_a
eng
080
_a
519.9
100
_a
49
101
_a
PSI
245
_a
MANUAL OF PSYCHIATRIC EMERGENCIES
_c
HYMAN,S.E
942
_2
udc
_c
BK
999
_c
31964
_d
31964